• 首页
  • 本馆介绍
  • 公告通知
  • 最新文献
  • 馆藏检索
  • 电子资源
  • 读者导购
  • 参考咨询
  • 我的图书馆
  • 登录
  • 详细信息显示
  • 放入我的书架
  • 预约/预借图书
  • 作者相关作品
  • 分类相关作品
  • 丛书相关作品
  • 出版社相关作品

书目信息

  • 表格格式
  • 工作单格式
  • 卡片格式
题名:
ANSYS APDL参数化有限元分析技术及其应用实例
    
 
作者: 张涛 编著
分册:  
出版信息: 北京   中国水利水电出版社  2013
页数: 264页
开本: 26cm
丛书名: 万水ANSYS技术丛书
单 册:
中图分类: O241.82
科图分类:
主题词: 有限元分析--应用软件,ANSYS , 有限元分析 , 应用软件,ANSYS
电子资源:
ISBN: 978-7-5170-0664-0
000 01025oam2 2200301 450
001 2328626567
005 20231130075759.40
010    @a978-7-5170-0664-0@dCNY42.00
100    @a20130614d2013 em y0chiy50 ea
101 0  @achi
102    @aCN@b110000
105    @ay z 000yy
200 1  @aANSYS APDL参数化有限元分析技术及其应用实例@AANSYS APDL can shu hua you xian yuan fen xi ji shu ji qi ying yong shi li@f张涛等编著
210    @a北京@c中国水利水电出版社@d2013
215    @a264页@d26cm
225 2  @a万水ANSYS技术丛书
225 1  @aANSYS高级仿真技术系列
330    @a本书主要分两大部分介绍和学习参数化设计语言APDL,1-15章主要介绍APDL语言的基本要素,16-19章重点介绍APDL的典型应用技术。
461  0 @12001 @a万水ANSYS技术丛书
461  0 @12001 @aANSYS高级仿真技术系列
606 0  @a有限元分析@x应用软件,ANSYS
606 0  @a有限元分析
606 0  @a应用软件,ANSYS
610 0  @aANSYS
690    @aO241.82@v5
701  0 @a张涛@Azhang tao@4编著
801  0 @aCN@b山东中教@c20231126
905    @aBZT@dO241.82@e6
    
    ANSYS APDL参数化有限元分析技术及其应用实例/张涛等编著.-北京:中国水利水电出版社,2013
    264页;26cm.-(万水ANSYS技术丛书).-(ANSYS高级仿真技术系列)
    
    
    ISBN 978-7-5170-0664-0:CNY42.00
    本书主要分两大部分介绍和学习参数化设计语言APDL,1-15章主要介绍APDL语言的基本要素,16-19章重点介绍APDL的典型应用技术。
●
相关链接 在五车中查询图书 在当当中查询图书 在豆瓣中查询图书


正题名:ANSYS APDL参数化有限元分析技术及其应用实例     索取号:O241.82/6         预约/预借

序号 登录号 条形码 馆藏地/架位号 状态 备注
1 2001201641   2001201641   中教(第二批第二书库)/山东中教(第二批)/220/ [索取号:O241.82/6] 在馆    
2 2001201642   2001201642   中教(第二批第二书库)/山东中教(第二批)/220/ [索取号:O241.82/6] 在馆    
3 2001201643   2001201643   中教(第二批第二书库)/山东中教(第二批)/220/ [索取号:O241.82/6] 在馆    
4 2001201644   2001201644   中教(第二批第二书库)/山东中教(第二批)/220/ [索取号:O241.82/6] 在馆    
5 2001201645   2001201645   中教(第二批第二书库)/山东中教(第二批)/220/ [索取号:O241.82/6] 在馆    
6 2001201646   2001201646   中教(第二批第二书库)/山东中教(第二批)/220/ [索取号:O241.82/6] 在馆    
7 2001201647   2001201647   中教(第二批第二书库)/山东中教(第二批)/220/ [索取号:O241.82/6] 在馆    
8 2001201648   2001201648   中教(第二批第二书库)/山东中教(第二批)/220/ [索取号:O241.82/6] 在馆    
9 2001201649   2001201649   中教(第二批第二书库)/山东中教(第二批)/220/ [索取号:O241.82/6] 在馆    
10 2001201650   2001201650   中教(第二批第二书库)/山东中教(第二批)/220/ [索取号:O241.82/6] 在馆    
11 2001201651   2001201651   中教(第二批第二书库)/山东中教(第二批)/220/ [索取号:O241.82/6] 在馆    
12 2001201652   2001201652   中教(第二批第二书库)/山东中教(第二批)/220/ [索取号:O241.82/6] 在馆    
13 2001201653   2001201653   中教(第二批第二书库)/山东中教(第二批)/220/ [索取号:O241.82/6] 在馆    
14 2001201654   2001201654   中教(第二批第二书库)/山东中教(第二批)/220/ [索取号:O241.82/6] 在馆    
15 2001201655   2001201655   中教(第二批第二书库)/山东中教(第二批)/220/ [索取号:O241.82/6] 在馆    
16 2001201656   2001201656   中教(第二批第二书库)/山东中教(第二批)/220/ [索取号:O241.82/6] 在馆    
17 2001201657   2001201657   中教(第二批第二书库)/山东中教(第二批)/220/ [索取号:O241.82/6] 在馆    
18 2001201658   2001201658   中教(第二批第二书库)/山东中教(第二批)/220/ [索取号:O241.82/6] 在馆    
19 2001201659   2001201659   中教(第二批第二书库)/山东中教(第二批)/220/ [索取号:O241.82/6] 在馆    
20 2001201660   2001201660   中教(第二批第二书库)/山东中教(第二批)/220/ [索取号:O241.82/6] 在馆    
21 2001201661   2001201661   中教(第二批第二书库)/山东中教(第二批)/220/ [索取号:O241.82/6] 在馆    
22 2001201662   2001201662   中教(第二批第二书库)/山东中教(第二批)/220/ [索取号:O241.82/6] 在馆    
23 2001201663   2001201663   中教(第二批第二书库)/山东中教(第二批)/220/ [索取号:O241.82/6] 在馆    
24 2001201664   2001201664   中教(第二批第二书库)/山东中教(第二批)/220/ [索取号:O241.82/6] 在馆    
25 2001201665   2001201665   中教(第二批第二书库)/山东中教(第二批)/220/ [索取号:O241.82/6] 在馆    
26 2001201666   2001201666   中教(第二批第二书库)/山东中教(第二批)/220/ [索取号:O241.82/6] 在馆    
27 2001201667   2001201667   中教(第二批第二书库)/山东中教(第二批)/220/ [索取号:O241.82/6] 在馆    
28 2001201668   2001201668   中教(第二批第二书库)/山东中教(第二批)/220/ [索取号:O241.82/6] 在馆    
29 2001201669   2001201669   中教(第二批第二书库)/山东中教(第二批)/220/ [索取号:O241.82/6] 在馆    
30 2001201670   2001201670   中教(第二批第二书库)/山东中教(第二批)/220/ [索取号:O241.82/6] 在馆    
山东省滨州职业学院图书馆 欢迎您!
大连网信软件有限公司© 版权所有